Introduction to video and image processing : building real systems and applications /

Bibliographic Details
Main Author: Moeslund, Thomas B.
Format: Book
Language:English
Published: London ; New York : Springer, [2012]
Series:Undergraduate topics in computer science.
Subjects:

MARC

Tag First Indicator Second Indicator Subfields
LEADER 00000cam a2200000Ia 4500
001 in00002781255
005 20151202171323.0
008 120223s2012 enka b 001 0 eng d
020 |a 9781447125020 
020 |a 1447125029 
035 |a (OCoLC)ocn760976439 
035 |a (OCoLC)760976439 
040 |a BTCTA  |b eng  |c BTCTA  |d BWX  |d YDXCP  |d CDX  |d TXA  |d UtOrBLW 
049 |a TXAM 
050 4 |a TA1637  |b .M64 2012 
100 1 |a Moeslund, Thomas B. 
245 1 0 |a Introduction to video and image processing :  |b building real systems and applications /  |c Thomas B. Moeslund. 
264 1 |a London ;  |a New York :  |b Springer,  |c [2012] 
264 4 |c ©2012 
300 |a xi, 227 pages :  |b illustrations (some color) ;  |c 24 cm. 
336 |a text  |b txt  |2 rdacontent 
337 |a unmediated  |b n  |2 rdamedia 
338 |a volume  |b nc  |2 rdacarrier 
490 1 |a Undergraduate topics in computer science,  |x 1863-7310 
504 |a Includes bibliographical references and index. 
650 0 |a Image processing  |x Digital techniques. 
650 0 |a Computer vision. 
650 0 |a Multimedia systems. 
830 0 |a Undergraduate topics in computer science. 
945 |a PromptCat  |b 916775 
946 |a stk 
947 |a A14835904896 
994 |a C0  |b TXA 
948 |a cataloged  |b h  |c 2012/6/19  |d c  |e nbehmer  |f 4:50:02 pm 
999 |a MARS 
999 f f |s 42accd56-e29d-3395-96e2-1b9870016b32  |i d5a7dee8-ea44-311f-87ca-48fe7c1b8f9f  |t 0 
952 f f |p normal  |a Texas A&M University  |b College Station  |c Sterling C. Evans Library  |d Evans: Library Stacks  |t 0  |e TA1637 .M64 2012  |h Library of Congress classification  |i unmediated -- volume  |m A14835904896 
998 f f |a TA1637 .M64 2012  |t 0  |l Evans: Library Stacks